Rosa AS Roma 2023-24 - Statistics

Statistiche generali
  • Questo quiz è stato fatto 331 volte
    320 dall'ultimo reset
  • Il punteggio medio è 22 su 31
Statistiche sulle risposte
Numero Ruolo Giocatore Nazionalità % Corretto
21 ATT Paulo Dybala Argentina
96%
1 POR Rui Patrício Portogallo
96%
7 CEN Lorenzo Pellegrini Italia
93%
23 DIF Gianluca Mancini Italia
91%
99 POR Mile Svilar Serbia
91%
9 ATT Tammy Abraham Inghilterra
90%
90 ATT Romelu Lukaku Belgio
89%
4 CEN Bryan Cristante Italia
88%
6 DIF Chris Smalling Inghilterra
87%
16 CEN Leandro Paredes Argentina
85%
92 ATT Stephan El Shaarawy Italia
84%
5 DIF Evan N'Dicka Costa D'Avorio
83%
19 DIF Zeki Çelik Turchia
83%
59 CEN Nicola Zalewski Polonia
80%
69 DIF Angeliño Spagna
75%
2 DIF Rick Karsdorp Paesi Bassi
75%
17 ATT Sardar Azmoun Iran
74%
(24) (DIF) (Marash Kumbulla) (Albania)
72%
52 CEN Edoardo Bove Italia
69%
61 CEN Niccolò Pisilli Italia
69%
14 DIF Diego Llorente Spagna
65%
(11) (ATT) (Andrea Belotti) (Italia)
64%
22 CEN Houssem Aouar Algeria
63%
20 CEN Renato Sanches Portogallo
61%
37 DIF Leonardo Spinazzola Italia
58%
35 ATT Tommaso Baldanzi Italia
55%
43 DIF Rasmus Kristensen Danimarca
54%
63 POR Pietro Boer Italia
47%
3 DIF Dean Huijsen Spagna
45%
67 ATT João Costa Portogallo
39%
60 CEN Riccardo Pagano Italia
27%
Nessun quiz corrispondente trovato
Distribuzione punteggi
Percentuale di utenti per punteggio
Percentile per numero di risposta
I tuoi punteggi nel tempo
Non hai fatto questo quiz dall'ultimo reset